The art of computer programming : volume 1 - fundamental algorithms (Record no. 1647)

MARC details
000 -LEADER
Fixed length control field 00559nam a2200193 4500
003 - CONTROL NUMBER IDENTIFIER
Control field SEACOMEC
005 - DATE AND TIME OF LATEST TRANSACTION
Control field 20240827131515.0
008 - FIXED-LENGTH DATA ELEMENTS--GENERAL INFORMATION
Fixed length control field 231007b |||||||| |||| 00| 0 eng d
020 ## - INTERNATIONAL STANDARD BOOK NUMBER / ISBN
International Standard Book Number 978-0-201-89683-1
Price 399.00
040 ## - CATALOGING SOURCE
Original cataloging agency SEACOMEC
082 ## - DEWEY DECIMAL CLASSIFICATION NUMBER
Classification number 005.1
Book Number K74
100 1# - MAIN ENTRY--PERSONAL NAME
Personal name Knuth, Donald E.
245 14 - TITLE STATEMENT
Title The art of computer programming : volume 1 - fundamental algorithms
Statement of responsibility Donald E. Knuth
250 ## - EDITION STATEMENT
Edition statement 3rd ed.
260 ## - IMPRINT
Place of publication New Delhi
Name of publisher Pearson -
Date of publication 1997
300 ## - PHYSICAL DESCRIPTION
Page / Vol. No xix, 652p
650 ## - SUBJECT ADDED ENTRY--TOPICAL TERM
Topical term Computer programming - Computer algorithms
942 ## - ADDED ENTRY ELEMENTS (KOHA)
Koha item type Books
Holdings
Withdrawn status Lost status Source of classification Damaged status Not for loan Home library Current library Date acquired Total Checkouts Call number Accession number Date last seen Price effective from Koha item type Copy number
    Dewey Decimal Classification     SEACOM ENGINEERING COLLEGE SEACOM ENGINEERING COLLEGE 24/07/2007   005.1 K74 7677 27/08/2024 27/08/2024 Reference Books  
    Dewey Decimal Classification     SEACOM ENGINEERING COLLEGE SEACOM ENGINEERING COLLEGE 24/07/2007   005.1 K74 7678 27/08/2024 27/08/2024 Books 1
    Dewey Decimal Classification     SEACOM ENGINEERING COLLEGE SEACOM ENGINEERING COLLEGE 24/07/2007   005.1 K74 7679 27/08/2024 27/08/2024 Books 2
    Dewey Decimal Classification     SEACOM ENGINEERING COLLEGE SEACOM ENGINEERING COLLEGE 24/07/2007   005.1 K74 7680 27/08/2024 27/08/2024 Books 3
    Dewey Decimal Classification     SEACOM ENGINEERING COLLEGE SEACOM ENGINEERING COLLEGE 24/07/2007   005.1 K74 7681 27/08/2024 27/08/2024 Books 4
© Seacom Engineering College, All rights reserved.      Powered by Koha